<?xml version="1.0" encoding="UTF-8"?><?xml-stylesheet type="text/xsl" href="static/style.xsl"?><OAI-PMH xmlns="http://www.openarchives.org/OAI/2.0/" xmlns:xsi="http://www.w3.org/2001/XMLSchema-instance" xsi:schemaLocation="http://www.openarchives.org/OAI/2.0/ http://www.openarchives.org/OAI/2.0/OAI-PMH.xsd"><responseDate>2026-06-02T10:39:09Z</responseDate><request verb="GetRecord" identifier="oai:riuma.uma.es:10630/12657" metadataPrefix="marc">https://riuma.uma.es/rest/oai/request</request><GetRecord><record><header><identifier>oai:riuma.uma.es:10630/12657</identifier><datestamp>2026-02-03T10:19:56Z</datestamp><setSpec>com_10630_1685</setSpec><setSpec>col_10630_38055</setSpec></header><metadata><record xmlns="http://www.loc.gov/MARC21/slim" xmlns:dcterms="http://purl.org/dc/terms/" xmlns:doc="http://www.lyncode.com/xoai" xmlns:xsi="http://www.w3.org/2001/XMLSchema-instance" xsi:schemaLocation="http://www.loc.gov/MARC21/slim http://www.loc.gov/standards/marcxml/schema/MARC21slim.xsd">
   <leader>00925njm 22002777a 4500</leader>
   <datafield ind2=" " ind1=" " tag="042">
      <subfield code="a">dc</subfield>
   </datafield>
   <datafield ind2=" " ind1=" " tag="720">
      <subfield code="a">Cuesta-Merino, David</subfield>
      <subfield code="e">author</subfield>
   </datafield>
   <datafield ind2=" " ind1=" " tag="260">
      <subfield code="c">2017-01-11</subfield>
   </datafield>
   <datafield ind2=" " ind1=" " tag="520">
      <subfield code="a">Se ha realizado el modelado orientado a objetos del sistema cardiorrespiratorio, usando analogía eléctrica basada en la interconexión de elementos, actuadores y sensores eléctricos. En dicho modelado físico están representadas implícitamente las diferentes ecuaciones diferenciales que describen el comportamiento de este sistema así como el control que se realiza cuando el sistema debe adaptarse a diferentes situaciones. Esto permite obtener el comportamiento del sistema conjunto tanto en condiciones fisiológicas como ante diferentes condiciones de trabajo físico y patologías, lo que lo convierte en una herramienta útil para la docencia o investigación en fisiología cardiorrespiratoria.&#xd;
En los resultados obtenidos se aprecian la estabilidad del sistema en reposo así como la adaptación que se realiza ante circunstancias de estrés físico donde es necesario la variación de diferentes parámetros físicos para alcanzar un estado estable o las dificultades que presentaría un individuo con una patología, ya sea de carácter respiratorio o cardiaco, a diferencia de un individuo sano.</subfield>
   </datafield>
   <datafield ind1="8" ind2=" " tag="024">
      <subfield code="a">http://hdl.handle.net/10630/12657</subfield>
   </datafield>
   <datafield tag="653" ind2=" " ind1=" ">
      <subfield code="a">Biomedicina</subfield>
   </datafield>
   <datafield tag="653" ind2=" " ind1=" ">
      <subfield code="a">Simulación por ordenador</subfield>
   </datafield>
   <datafield tag="653" ind2=" " ind1=" ">
      <subfield code="a">Grado en Ingeniería de la Salud - Trabajos Fin de Grado</subfield>
   </datafield>
   <datafield tag="653" ind2=" " ind1=" ">
      <subfield code="a">Informática - Trabajos Fin de Grado</subfield>
   </datafield>
   <datafield ind2="0" ind1="0" tag="245">
      <subfield code="a">Modelado Orientado a Objetos Global del Sistema Cardiorrespiratorio</subfield>
   </datafield>
</record>
</metadata></record></GetRecord></OAI-PMH>